[Event "Pfalz-ch MAT1 87th"]
[Site "Landau"]
[Date "2018.03.29"]
[Round "5"]
[White "Peetz, Ludwig"]
[Black "Schwartz, Andreas"]
[Result "1-0"]
[WhiteElo "2034"]
[BlackElo "2000"]
[PlyCount "155"]
[EventDate "2018.03.23"]
[EventType "tourn"]
[EventRounds "9"]
[EventCountry "GER"]
[SourceTitle "EXT 2019"]
[Source "ChessBase"]
[SourceDate "2018.10.10"]
[SourceVersion "1"]
[SourceVersionDate "2018.10.10"]
[SourceQuality "1"]

1. e4 c5 2. Nc3 g6 3. f4 Bg7 4. Nf3 Nc6 5. g3 d6 6. Bg2 e6 7. 0-0 Nge7 8. d3 0-0 9. Be3 Rb8 10. Qd2 Nd4 11. Nh4 f5 12. Nd1 b6 13. c3 Ndc6 14. exf5 exf5 15. d4 cxd4 16. cxd4 Na5 17. Rc1 Ba6 18. Re1 d5 19. Bf2 Re8 20. Nf3 Rc8 21. Rxc8 Qxc8 22. Nc3 Nc4 23. Qc1 Nd6 24. Ne5 Ne4 25. Be3 Qc7 26. Nxe4 Qxc1 27. Rxc1 dxe4 28. Rc7 Nc8 29. Nc6 Nd6 30. Rxa7 Bb5 31. d5 Nc4 32. Bd4 Bxd4+ 33. Nxd4 Nd6 34. a4 Bd3 35. Rd7 Nc4 36. b3 Ne3 37. Bh3 Rc8 38. Kf2 Nc2 39. Nxc2 Rxc2+ 40. Ke3 Rxh2 41. Kd4 Rd2 42. Ke5 e3 43. Kf6 h5 44. Kxg6 Kf8 45. Kf6 Kg8 46. Rg7+ Kf8 47. Rc7 Kg8 48. Re7 e2 49. Bxf5 Bxf5 50. Kxf5 Rxd5+ 51. Kg6 Kf8 52. Rxe2 Rd3 53. Kxh5 Rxg3 54. b4 Rb3 55. Re4 Kf7 56. a5 bxa5 57. bxa5 Ra3 58. Re5 Kf6 59. Kg4 Ra1 60. Rf5+ Kg6 61. Rb5 Rg1+ 62. Kf3 Rf1+ 63. Ke4 Re1+ 64. Kd4 Kf6 65. Kc5 Ke6 66. Kc6 Rc1+ 67. Rc5 Ra1 68. f5+ Ke7 69. Kb6 Kd6 70. Rb5 Rc1 71. a6 Rc6+ 72. Ka5 Rc7 73. f6 Kc6 74. Rb7 Rc8 75. f7 Ra8 76. Re7 Rb8 77. a7 Kd6 78. Re8 1-0

[Event "Pfalz-ch MAT2 86th"]
[Site "Wolfstein"]
[Date "2017.04.14"]
[Round "8"]
[White "Schwartz, Andreas"]
[Black "Frohnhaeuser, Simon"]
[Result "1/2-1/2"]
[WhiteElo "2007"]
[BlackElo "1569"]
[PlyCount "83"]
[EventDate "2017.04.07"]
[EventType "tourn"]
[EventRounds "9"]
[EventCountry "GER"]
[SourceTitle "EXT 2018"]
[Source "ChessBase"]
[SourceDate "2017.10.13"]
[SourceVersion "1"]
[SourceVersionDate "2017.10.13"]
[SourceQuality "1"]

1. c4 Nf6 2. g3 g6 3. Bg2 Bg7 4. Nc3 0-0 5. d3 d6 6. e4 e5 7. Nge2 Be6 8. 0-0 Qc8 9. Nd5 Nxd5 10. cxd5 Bh3 11. Be3 Bxg2 12. Kxg2 c6 13. Rc1 Qd7 14. Nc3 f5 15. f3 c5 16. Qa4 Qxa4 17. Nxa4 Nd7 18. Nc3 Rf7 19. Nb5 Bf8 20. Nc7 Rc8 21. Ne6 Bg7 22. b4 b6 23. b5 Nf8 24. Nxf8 Rcxf8 25. a4 Rc7 26. Rc2 Ra8 27. Rb1 Kf7 28. a5 Rb7 29. Ra2 Rab8 30. axb6 axb6 31. Rba1 Bf6 32. Ra8 Rxa8 33. Rxa8 Rd7 34. g4 f4 35. Bf2 Bd8 36. h4 Ke7 37. g5 Kf7 38. Kh3 Kg7 39. Kg4 Kf7 40. Be1 Kg7 41. Bd2 Kf7 42. Bc1 1/2-1/2

[Event "Pfalz-ch MAT2 86th"]
[Site "Wolfstein"]
[Date "2017.04.09"]
[Round "3"]
[White "Schwartz, Andreas"]
[Black "Weissmann, Joerg"]
[Result "1/2-1/2"]
[WhiteElo "2007"]
[BlackElo "2054"]
[PlyCount "57"]
[EventDate "2017.04.07"]
[EventType "tourn"]
[EventRounds "9"]
[EventCountry "GER"]
[SourceTitle "EXT 2018"]
[Source "ChessBase"]
[SourceDate "2017.10.13"]
[SourceVersion "1"]
[SourceVersionDate "2017.10.13"]
[SourceQuality "1"]

1. e4 d5 2. exd5 Nf6 3. d4 Bg4 4. Nf3 Qxd5 5. Be2 Nc6 6. c3 0-0-0 7. 0-0 h6 8. Nbd2 e6 9. Qa4 Qa5 10. Qxa5 Nxa5 11. h3 Bh5 12. g4 Bg6 13. Ne5 Nc6 14. Nxg6 fxg6 15. Nc4 Bd6 16. Bf3 Rhe8 17. Re1 Nd5 18. Bxd5 exd5 19. Nxd6+ cxd6 20. Bf4 Rxe1+ 21. Rxe1 g5 22. Bg3 Kd7 23. Kf1 b5 24. Re3 a5 25. Rf3 Ke6 26. Re3+ Kd7 27. Rf3 Ke6 28. Re3+ Kd7 29. Rf3 1/2-1/2